Escritos latinoamericanos

Uloženo v:
Podrobná bibliografie
Hlavní autor: Trotsky, León (Autor)
Médium: Kniha
Jazyk:španělština
Vydáno: Buenos Aires CEIP 2007
Vydání:3a. ed
Edice:Clásicos
Témata:
Tagy: Přidat tag
Žádné tagy, Buďte první, kdo vytvoří štítek k tomuto záznamu!

MARC

LEADER 00000nam a2200000 a 4500
001 UCI9365
003 CL-VaPUC
008 081113e20070000AG |||||||||||||||||spa|d
020 |a 9789879741368 
082 0 4 |a 320.531  |b TRO  |2 21 
100 0 |a Trotsky, León  |e author  |9 533085 
245 1 0 |a Escritos latinoamericanos 
250 |a 3a. ed 
300 |a 398 p 
942 |c BK 
945 |d 20081113 00:00:00  |a rbrito 
260 |a Buenos Aires  |b CEIP  |c 2007 
650 0 |a Ideologías políticas   |9 255735 
650 0 |a Política  |9 255312 
650 7 |a MARXISMO  |2 CL-VaPUC  |9 533086 
583 |a last modification  |c 20081113 00:00:00  |k Rodrigo Vera 
490 0 |a Clásicos 
999 |c 331923  |d 331921 
952 |0 0  |1 0  |4 0  |6 320_531000000000000_TRO_2007  |7 0  |8 A  |9 419161  |a BIBCUR  |b BIBCUR  |d 2019-11-22  |i 4495926  |o 320.531 TRO 2007  |p 4495926  |r 2025-04-22  |w 2019-11-22  |y BK  |k MGC